[Event "XXXVII Open"]
[Site "La Roda Albacete ESP"]
[Date "2010.04.01"]
[Round "2"]
[White "Suarez Uriel,A"]
[Black "Cuenca Jimenez,J"]
[Result "0-1"]
[WhiteElo "2152"]
[BlackElo "2453"]

1.e4 d6 2.d4 Nf6 3.Nc3 e5 4.Nf3 Nbd7 5.Bc4 Be7 6.O-O O-O 7.a4 c6 8.Re1 b6
9.Ba2 a6 10.dxe5 dxe5 11.Nh4 Nc5 12.Qxd8 Rxd8 13.Nf3 Ncd7 14.Nd2 Rb8 15.Nc4 Bb4
16.Rd1 Bb7 17.Bg5 b5 18.Bxf6 gxf6 19.Nd6 Bxd6 20.Rxd6 Nc5 21.Rxf6 Rd7 22.f3 bxa4
23.Bc4 Kg7 24.Rf5 f6 25.Nxa4 Nxa4 26.Rxa4 Rd1+ 27.Kf2 Bc8 28.Rh5 Rd2+ 29.Kg1 Rxb2
30.Ra1 Rbxc2 31.Bf1 Rb2 32.Rc1 Rb6 33.g4 h6 34.Rh3 Be6 35.Rg3 a5 36.f4 exf4
37.Ra3 Bxg4 38.Rxa5 Rd1 39.Rxd1 Bxd1 40.Ra1 Bc2 41.Ra7+ Kg6 42.Bg2 Bd1 43.Rd7 Bg4
44.Rd6 Kf7 45.h3 Be2 46.Rd2 f3 47.Kf2 Rb3 48.Bh1 Ke6 49.Rd8 c5 50.Rc8 c4
51.h4 Ke5 52.Re8+ Kd4 53.Re6 c3 54.Rxf6 c2 55.Rc6 Rc3  0-1

[Event "22nd Kreuz-Open"]
[Site "Lenk SUI"]
[Date "2010.04.01"]
[Round "1"]
[White "Lehmann,A"]
[Black "Bachofner,S"]
[Result "1-0"]
[WhiteElo "2321"]
[BlackElo "1939"]

1.e4 d6 2.d4 Nf6 3.Nc3 c6 4.g3 Nbd7 5.Bg2 e5 6.Nge2 Be7 7.O-O O-O 8.a4 Re8
9.h3 Nf8 10.Be3 Be6 11.a5 Bc4 12.Re1 Qd7 13.b3 Ba6 14.g4 Ng6 15.Ng3 Qc7 16.Nf5 Bf8
17.g5 Nd7 18.d5 c5 19.Qf3 Ne7 20.Ng3 Ng6 21.Bf1 Bxf1 22.Rxf1 a6 23.Na4 f6
24.Nf5 Ne7 25.Kh2 Nxf5 26.Qxf5 g6 27.Qg4 Bg7 28.h4 fxg5 29.hxg5 Re7 30.Nb2 Rf8
31.Nc4 Rff7 32.Kg2 Nf8 33.c3 Qd7 34.Qxd7 Rxd7 35.b4 h6 36.gxh6 Bf6 37.bxc5 dxc5
38.Rab1 Nh7 39.f4 exf4 40.e5 Bg5 41.e6  1-0

[Event "33rd Open"]
[Site "Donostia ESP"]
[Date "2010.04.02"]
[Round "7"]
[White "Llaneza Vega,M"]
[Black "Alvarez Pedraza,A"]
[Result "1/2-1/2"]
[WhiteElo "2514"]
[BlackElo "2486"]

1.e4 d6 2.d4 Nf6 3.Nc3 e5 4.Nf3 Nbd7 5.g4 g6 6.h3 Bg7 7.Bg5 c6 8.Qd2 Qa5
9.O-O-O h5 10.dxe5 dxe5 11.gxh5 Nxh5 12.Kb1 O-O 13.Rg1 Nc5 14.Qe3 Ne6 15.Bc4 b5
16.Bb3 Qc7 17.Bh6 Nhf4 18.Bxg7 Kxg7 19.Nd5 cxd5 20.exd5 a5 21.dxe6 a4 22.Bd5 Nxd5
23.Rxd5 Bxe6 24.Rc5 Qd6 25.Nxe5 Rfe8 26.Qc3 b4 27.Qxb4 Bxa2+ 28.Kxa2 Rxe5
29.Rb5 Qxb4 30.Rxb4 Re2 31.Rc4 Rxf2  1/2-1/2

[Event "21st Pobeskydi Arcelor Mittal Cup"]
[Site "Frydek-Mistek CZE"]
[Date "2010.04.02"]
[Round "4"]
[White "Cherepov,A"]
[Black "Bury,R"]
[Result "1/2-1/2"]
[WhiteElo "2230"]
[BlackElo "2081"]

1.d4 d6 2.e4 Nf6 3.Nc3 c6 4.g3 Qc7 5.Bg2 e5 6.Nge2 Be7 7.O-O O-O 8.a4 a5
9.b3 Nbd7 10.Ba3 Re8 11.Qd2 Rb8 12.Rfd1 Nf8 13.h3 Be6 14.Kh2 Rbd8 15.Qe3 Kh8
16.Rd3 Ng6 17.Rad1 exd4 18.Rxd4 d5 19.Bxe7 Nxe7 20.R4d2  1/2-1/2

[Event "XXXVII Open"]
[Site "La Roda Albacete ESP"]
[Date "2010.04.02"]
[Round "4"]
[White "Granda Zuniga,J"]
[Black "Cuenca Jimenez,J"]
[Result "1-0"]
[WhiteElo "2643"]
[BlackElo "2453"]

1.d4 d6 2.e4 Nf6 3.Nc3 e5 4.Nge2 Be7 5.g3 O-O 6.Bg2 c6 7.a4 a5 8.O-O Na6
9.b3 Nb4 10.Bb2 Re8 11.Qd2 Bf8 12.Rfe1 g6 13.Rad1 Qb6 14.h3 Bg7 15.Nb1 d5
16.exd5 cxd5 17.dxe5 Ne4 18.Bxe4 dxe4 19.Nf4 Bf5 20.Na3 Rad8 21.Qe3 Qxe3
22.fxe3 Rxd1 23.Rxd1 Bxe5 24.Bxe5 Rxe5 25.Rd8+ Kg7 26.Nc4 Nc6 27.Rd2 Rc5
28.g4 Bc8 29.Nd6 Nb4 30.c4 b6 31.Kf2 h5 32.Nxe4 Re5 33.Nd6 Be6 34.gxh5 gxh5
35.h4 Na6 36.Nd3  1-0

[Event "XXXVII Open"]
[Site "La Roda Albacete ESP"]
[Date "2010.04.02"]
[Round "5"]
[White "Guerra Bastida,D"]
[Black "Cuenca Jimenez,F"]
[Result "1-0"]
[WhiteElo "2432"]
[BlackElo "2205"]

1.e4 d6 2.d4 Nf6 3.Nc3 e5 4.Nf3 Nbd7 5.Bc4 Be7 6.O-O O-O 7.Qe2 c6 8.a4 b6
9.Rd1 Qc7 10.d5 Bb7 11.dxc6 Bxc6 12.Bg5 Rac8 13.Ba6 Bb7 14.Bxb7 Qxb7 15.Bxf6 Nxf6
16.Nd5 Nxd5 17.Rxd5 Qc6 18.c3 f5 19.Qb5 fxe4 20.Nd2 Rf4 21.Qxc6 Rxc6 22.g3 Rg4
23.h3 Rg6 24.Nxe4 Rc4 25.Nd2 Rc5 26.Rxc5 dxc5 27.Ne4 Rc6 28.Rd1 Rc7 29.Rd5 Bf6
30.a5 Kf7 31.axb6 axb6 32.Rd6 b5 33.Rb6 b4 34.cxb4 c4 35.b5 Be7 36.Kf1 Rd7
37.Rc6 Rd1+ 38.Kg2 Rb1 39.Rxc4 Rxb2 40.Rc7 Ke6 41.Rb7 Rb4 42.Kf3 Rb3+ 43.Ke2 Rb4
44.Kd3 Rb3+ 45.Kc2 Rb4 46.f3 Rc4+ 47.Kb3 Rb4+ 48.Kc3 Ra4 49.b6 Ra3+ 50.Kb2 Rxf3
51.Rb8 Kd5 52.Nc3+ Kc6 53.Rc8+ Kxb6 54.Nd5+ Kb5 55.Nxe7 Rxg3 56.Rc3 Rxc3
57.Kxc3 g5 58.Kd3 h5 59.Nf5 g4 60.h4 Kc5 61.Ke4 Kc4 62.Ng3 Kc5 63.Nxh5  1-0

[Event "22nd Kreuz-Open"]
[Site "Lenk SUI"]
[Date "2010.04.02"]
[Round "3"]
[White "Kaufmann,W"]
[Black "Kurmann,O"]
[Result "1/2-1/2"]
[WhiteElo "2234"]
[BlackElo "2432"]

1.e4 d6 2.d4 Nf6 3.Nc3 Nbd7 4.Nf3 e5 5.Bc4 Be7 6.O-O O-O 7.Qe2 c6 8.a4 exd4
9.Nxd4 Re8 10.Ba2 Bf8 11.Qf3 g6 12.Bg5 Bg7 13.a5 a6 14.Qf4 Qe7 15.Nf3 Ne5
16.Rfd1 Bg4 17.Nxe5 dxe5 18.Qxg4 Nxg4 19.Bxe7 Rxe7 20.Rd3 Bf8 21.f3 Nf6 22.Rad1 Rc7
23.Na4 Bb4 24.Nb6 Bc5+ 25.Kf1 Bxb6 26.axb6 Rcc8 27.Rd6 Kg7 28.Ke2  1/2-1/2

[Event "Najdorf Centenary Open"]
[Site "Buenos Aires ARG"]
[Date "2010.04.03"]
[Round "2"]
[White "Gimenez,S"]
[Black "Lupis,F"]
[Result "1-0"]
[WhiteElo "2204"]
[BlackElo "1927"]

1.e4 d6 2.d4 Nf6 3.Nc3 e5 4.Nf3 Nbd7 5.Bc4 Be7 6.O-O O-O 7.Re1 c6 8.a4 b6
9.Bg5 Qc7 10.d5 c5 11.a5 a6 12.axb6 Nxb6 13.Nd2 Ng4 14.Bxe7 Qxe7 15.h3 Nh6
16.Qe2 Nxc4 17.Nxc4 Rb8 18.Ra2 f5 19.Na5 f4 20.Nc6 Qg5 21.f3 Rb6 22.Kf1 Nf7
23.b3 Nd8 24.Na4 Rxc6 25.dxc6 Nxc6 26.c3 Rf6 27.Nb6 Bb7 28.Nd5 Rg6 29.Qc4 Kh8
30.b4 Bc8 31.Rf2 Nb8 32.bxc5 a5 33.Qa4  1-0

[Event "ch-WLS"]
[Site "Cardiff WLS"]
[Date "2010.04.03"]
[Round "3"]
[White "Summers,C"]
[Black "Van Kemenade,R"]
[Result "1-0"]
[WhiteElo "1953"]
[BlackElo "1983"]

1.d4 d6 2.e4 Nf6 3.Nc3 Nbd7 4.Be3 e5 5.Qd2 Be7 6.Be2 c6 7.g4 h6 8.h4 b5 9.f3 b4
10.Nd1 a5 11.Nf2 Nh7 12.g5 h5 13.f4 exf4 14.Bxf4 Nhf8 15.Nf3 Ba6 16.O-O-O Qb6
17.Bxa6 Qxa6 18.e5 d5 19.Qe3 g6 20.Nd3 Ne6 21.Bg3 O-O-O 22.Rhf1 Ng7 23.e6 Nxe6
24.Nfe5 c5 25.Nxf7 cxd4 26.Qe2 Rhe8 27.Qg2 Ndc5 28.Nxd8 Rxd8 29.Rf7 Bd6 30.Nxc5 Nxc5
31.Qh3+ Kb8 32.Rf6 Ne4 33.Bxd6+ Rxd6 34.Rf8+ Ka7 35.Rdf1 Qe2 36.R1f7+ Kb6
37.Rb8+ Kc5 38.Rc7+ Rc6 39.Rxc6+ Kxc6 40.Qc8+ Kd6 41.Qf8+ Kc7 42.Qd8+ Kc6
43.Qb6+ Kd7 44.Rb7+ Ke8 45.Qe6+ Kd8 46.Qd7+  1-0

[Event "33rd Open"]
[Site "Donostia ESP"]
[Date "2010.04.03"]
[Round "8"]
[White "Bas Sanchez,J"]
[Black "Sanchez Merino,C"]
[Result "0-1"]
[WhiteElo "1764"]
[BlackElo "1623"]

1.e4 d6 2.d4 Nf6 3.Nc3 e5 4.Nf3 Nbd7 5.Bg5 Be7 6.Be2 O-O 7.Qd2 exd4 8.Qxd4 Nc5
9.Bh4 Ne6 10.Qe3 Ng4 11.Bxe7 Qxe7 12.Qd2 Qf6 13.h3 Ne5 14.O-O-O Qf4 15.Nxe5 dxe5
16.Qxf4 Nxf4 17.Bf3 c6 18.Rd2 Ne6 19.g4 Nd4 20.Bg2 Be6 21.f4 f6 22.f5 Bf7
23.Rhd1 a5 24.Kb1 a4 25.a3 Rfd8 26.Na2 c5 27.c3 Nc6 28.Bf1 c4 29.Kc2 b5 30.Rd6 Nd4+
31.R6xd4 exd4 32.cxd4 g6 33.Bg2 gxf5 34.gxf5 c3 35.Nxc3 Bb3+ 36.Kc1 Bxd1
37.e5 Rac8 38.e6 Rxd4 39.Bb7 Rc7 40.Ba6 b4 41.axb4 a3 42.Kb1 axb2 43.Kxb2 Rd2+
44.Kc1 Rc2+ 45.Kxd1 R2xc3 46.b5 Rd3+ 47.Ke2 Rd6 48.Ke3 Rxa6 49.bxa6 Ra7 50.Kd4 Rxa6
51.Ke4 Kf8 52.Kf4 Ke7 53.Kg4 Ra4+ 54.Kh5 Rf4 55.Kh6 Rxf5 56.Kxh7 Rh5+ 57.Kg6 Rxh3
58.Kf5 Rh5+ 59.Kg6 Rg5+  0-1

[Event "21st Pobeskydi Arcelor Mittal Cup"]
[Site "Frydek-Mistek CZE"]
[Date "2010.04.03"]
[Round "5"]
[White "Skrzypczak,A"]
[Black "Kudzma,L"]
[Result "1/2-1/2"]
[WhiteElo "1982"]
[BlackElo "2236"]

1.e4 d6 2.d4 Nf6 3.Nc3 e5 4.dxe5 dxe5 5.Qxd8+ Kxd8 6.Bc4 Be6 7.Bxe6 fxe6
8.Nf3 Bd6 9.Bg5 Nd7 10.O-O-O a6 11.Nd2 h6 12.Bh4 g5 13.Bg3 Nh5 14.Nc4 Ke7
15.Nxd6 cxd6 16.Rd2 Rac8 17.f3 Nxg3 18.hxg3 h5 19.Nd1 Nf6 20.Ne3 g4 21.b3 Rhg8
22.Rg1 h4 23.Nxg4 Nxg4 24.fxg4 hxg3 25.Rh1 Rh8 26.Rxh8 Rxh8 27.Rd3 Rf8 28.Rxg3 Rf4
29.g5 Rxe4 30.g6 Kf8 31.g7+ Kg8 32.Rg6 Rd4 33.c3 Rd5 34.Kb2 b5 35.b4 e4 36.Rxe6 Rg5
37.Rxe4 Rxg2+ 38.Kb3  1/2-1/2

[Event "XXXVII Open"]
[Site "La Roda Albacete ESP"]
[Date "2010.04.03"]
[Round "6"]
[White "Picard,Ro"]
[Black "Cuenca Jimenez,J"]
[Result "0-1"]
[WhiteElo "2363"]
[BlackElo "2453"]

1.e4 d6 2.d4 Nf6 3.Nc3 e5 4.Nge2 Be7 5.g3 O-O 6.Bg2 c6 7.a4 a5 8.O-O Na6
9.h3 Nb4 10.Be3 d5 11.dxe5 Nxe4 12.Nf4 Nc5 13.Nce2 Qc7 14.c3 Nba6 15.Bd4 Re8
16.Kh1 Rb8 17.b3 Bf8 18.Re1 b5 19.axb5 Rxb5 20.c4 dxc4 21.bxc4 Rb8 22.Rb1 Nb4
23.g4 Ba6 24.Qd2 Nd7 25.e6 fxe6 26.Ba1 e5 27.Nh5 Bxc4 28.Neg3 Be6 29.Ne4 Rbd8
30.Qg5 Kh8 31.Red1 Nd5 32.Rbc1 Bg8 33.Rd3 Ne7 34.f4 h6 35.Rxd7 Rxd7 36.Qh4 Ng6
37.Qf2 Nxf4 38.Nxf4 exf4 39.Qh4 Re6 40.g5 Qd8 41.Qg4 Qe8 42.Qxf4 Bh7 43.Re1 hxg5
44.Qg4 Rde7  0-1

[Event "33rd Open"]
[Site "Donostia ESP"]
[Date "2010.04.04"]
[Round "9"]
[White "Navarro Rivas,R"]
[Black "Nogues Fernandez,R"]
[Result "1/2-1/2"]
[WhiteElo "2046"]
[BlackElo "1894"]

1.e4 d6 2.d4 Nf6 3.Nc3 e5 4.dxe5 dxe5 5.Qxd8+ Kxd8 6.Bc4 Ke8 7.Nf3 Bd6 8.h3 Nbd7
9.Be3 a6 10.a3 b5 11.Ba2 Bb7 12.Nd2 Nc5 13.f3 Ne6 14.Bxe6 fxe6 15.Nb3 Ke7
16.O-O-O Rad8 17.Na5 Ba8 18.b4 h6 19.Rd2 Nh5 20.Ne2 Rdg8 21.Rhd1 Rd8 22.c4 bxc4
23.Nc3 Nf4 24.Nxc4 g5 25.Na5 h5 26.Na4 Rhg8 27.Nc5 Kf7 28.Nxa6 g4 29.hxg4 hxg4
30.Bxf4 exf4 31.Nc4 g3 32.Kc2 Bc6 33.Nxd6+ cxd6 34.Kb3 Ra8 35.a4 Rxa6 36.b5 Rb8
37.Rxd6 Bxb5 38.axb5 Rxb5+ 39.Kc3 Ra3+ 40.Kc4 Rb2 41.R6d2 Raa2 42.Kc3 Rxd2
43.Rxd2 Ra5 44.Rb2 Kf6 45.Kc4 Ra4+ 46.Kc3 Ra5 47.Kc4 Ra4+ 48.Kb3 Ra5 49.Kb4 Ra8
50.Kc3 Ra5 51.Kd4 Ra4+ 52.Kd3 Ra5 53.Kd4 Ra4+ 54.Kc3  1/2-1/2

[Event "33rd Open"]
[Site "Donostia ESP"]
[Date "2010.04.04"]
[Round "9"]
[White "Marholev,D"]
[Black "Cifuentes Parada,R"]
[Result "1-0"]
[WhiteElo "2423"]
[BlackElo "2525"]

1.e4 d6 2.d4 Nf6 3.Nc3 e5 4.Nf3 Nbd7 5.Bc4 Be7 6.O-O O-O 7.Re1 a6 8.a4 b6
9.Bg5 c6 10.d5 c5 11.Nd2 Ne8 12.Be3 Bg5 13.Nf1 g6 14.Qg4 Bxe3 15.Nxe3 Ng7
16.Bd3 Kh8 17.Nc4 f5 18.Qd1 Nf6 19.exf5 gxf5 20.f4 e4 21.Be2 h5 22.Rf1 Rb8
23.h3 b5 24.axb5 axb5 25.Ne3 Bd7 26.Ra6 Qc7 27.Qd2 Rb6 28.Rxb6 Qxb6 29.Ra1 c4
30.Kh2 h4 31.Ncd1 Ngh5 32.Bxh5 Nxh5 33.Qe1 Ng3 34.c3 Rg8 35.Nc2 Qb7 36.Nde3 Ra8
37.Nd4 Kh7 38.Rxa8 Qxa8 39.Ne2 Nxe2 40.Qxe2 Kh6 41.Qf2 Qd8 42.g4 hxg3+ 43.Qxg3 Kh7
44.h4 Qf6 45.Qg5 Qxg5 46.hxg5 Kg6 47.Kg3 Be8 48.Nc2 Bf7 49.Nd4 Bxd5 50.Nxb5 e3
51.Nxd6  1-0

[Event "21st Pobeskydi Chance Cup"]
[Site "Frydek-Mistek CZE"]
[Date "2010.04.04"]
[Round "7"]
[White "Bombek,P"]
[Black "Sakalauskas,V"]
[Result "1/2-1/2"]
[WhiteElo "2213"]
[BlackElo "2418"]

1.e4 d6 2.d4 Nf6 3.Nc3 c6 4.Nf3 Bg4 5.Be2 e6 6.h3 Bh5 7.O-O Be7 8.Be3 d5
9.exd5 cxd5 10.Ne5 Bxe2 11.Nxe2 O-O 12.Qd3 Nbd7 13.Rfc1 Rc8 14.Qb3 Qc7 15.Bf4 Qb6
16.c3 Qa6 17.Re1 Nxe5 18.Bxe5 Ne4 19.Nc1 Nd2 20.Qd1 Nc4 21.Nd3 Rfd8 22.Qg4 Nxe5
23.Nxe5 Bf6 24.Re3 Bxe5 25.Rxe5 Qd3 26.Rae1 Qg6 27.Rg5 Qf6 28.Re3 g6 29.h4 Qg7
30.h5 Rc6 31.hxg6 hxg6 32.Rg3 b5 33.f4 b4 34.f5 exf5 35.Qxf5 bxc3 36.bxc3 Rxc3
37.Rxg6 Rxg3 38.Rxg7+ Rxg7 39.Qe5 Rg6 40.Qc7 Rdd6 41.Qxa7 Ra6 42.Qb8+ Kh7
43.Qb7 Rxa2 44.Qxf7+ Kh6 45.Qxd5 Rgxg2+ 46.Qxg2 Rxg2+ 47.Kxg2 Kg5 48.d5 Kf5
49.d6 Ke6 50.d7 Kxd7  1/2-1/2

[Event "ch-DEN"]
[Site "Hillerod DEN"]
[Date "2010.04.04"]
[Round "9"]
[White "Bromann,T"]
[Black "Aagaard,J"]
[Result "1/2-1/2"]
[WhiteElo "2435"]
[BlackElo "2538"]

1.d4 Nf6 2.Nc3 d6 3.e4 e5 4.Nf3 Nbd7 5.Bc4 Be7 6.O-O O-O 7.Re1 c6 8.a4 b6
9.h3 a6 10.b3 Bb7 11.Bb2 Re8 12.Qd2 b5 13.Bd3 Bf8 14.axb5 axb5 15.Rxa8 Qxa8
16.dxe5 dxe5 17.Ne2 Qb8 18.Ng3 g6 19.Bf1 Bc8 20.Ra1 Nc5 21.Qe3 Nfd7 22.Ne2 Ne6
23.Qa7 Qxa7 24.Rxa7 Nec5 25.Ra8 Nxe4 26.Nxe5 Bc5 27.Nxc6 Bxf2+ 28.Kh1 Nb6
29.Ra1 Nd5 30.Ned4 b4 31.Bb5 Nd6 32.Bd3 Bb7 33.Rf1 Bxd4 34.Nxd4 Ne3 35.Re1 Nxg2
36.Rxe8+ Nxe8 37.Ba6 Be4 38.c4 Nf4+ 39.Kh2 Nd3 40.Ba1 Nc5 41.Bb5 Nd6 42.Bb2 Nd3
43.Ba1 Nb7 44.Nc2 Nbc5 45.Bf6 Kf8 46.Nd4 Nc1 47.Bh4 Bb1 48.Nc6 N1xb3 49.Nxb4 Ne4
50.Bd8 Nd6 51.Nd5 Nxb5  1/2-1/2

[Event "XXXVII Open"]
[Site "La Roda Albacete ESP"]
[Date "2010.04.04"]
[Round "8"]
[White "Martinez Martin,D"]
[Black "Paunovic,D"]
[Result "1/2-1/2"]
[WhiteElo "2390"]
[BlackElo "2551"]

1.e4 d6 2.d4 Nf6 3.Nc3 e5 4.dxe5 dxe5 5.Qxd8+ Kxd8 6.Bc4 Ke8 7.Nf3 Bd6 8.Be3 a6
9.a3 Nbd7 10.O-O b5 11.Ba2 Bb7 12.Ng5 Rf8 13.f3 h6 14.Nh3 Ke7 15.Rfd1 Rfd8
16.Kf2  1/2-1/2

[Event "22nd Kreuz-Open"]
[Site "Lenk SUI"]
[Date "2010.04.04"]
[Round "5"]
[White "Lehmann,A"]
[Black "Kurmann,O"]
[Result "0-1"]
[WhiteElo "2321"]
[BlackElo "2432"]

1.e4 d6 2.d4 Nf6 3.Nc3 Nbd7 4.g3 e5 5.Nge2 Be7 6.Bg2 c6 7.a4 b6 8.O-O a6
9.h3 h5 10.f4 Bb7 11.b3 O-O 12.Kh2 Re8 13.Be3 Bf8 14.fxe5 dxe5 15.d5 cxd5
16.Nxd5 Nxd5 17.exd5 g6 18.c4 Bd6 19.a5 b5 20.Nc3 f5 21.cxb5 Rc8 22.Na4 axb5
23.Nb6 Rc3 24.Bd2 Rd3 25.Nxd7 e4 26.Nc5 Bxc5 27.Qc2 Bd6 28.Bf4 h4 29.a6 hxg3+
30.Kh1 Ba8 31.Qc1 e3 32.Qe1 e2  0-1

[Event "22nd Kreuz-Open"]
[Site "Lenk SUI"]
[Date "2010.04.04"]
[Round "6"]
[White "Belezky,A"]
[Black "Meyer,B"]
[Result "1-0"]
[WhiteElo "2452"]
[BlackElo "2140"]

1.e4 d6 2.d4 Nf6 3.Nc3 Nbd7 4.Nf3 e5 5.Be2 Be7 6.O-O O-O 7.a4 Re8 8.a5 Bf8
9.d5 a6 10.Ne1 g6 11.Nd3 Bg7 12.Be3 Kh8 13.g4 Ng8 14.Qd2 Qe7 15.f3 f5 16.Kh1 Ndf6
17.Rg1 Qf7 18.Raf1 Ne7 19.Nb4 f4 20.Bf2 g5 21.h4 h5 22.gxh5 Bh3 23.Ra1 g4
24.fxg4 f3 25.Bf1 Bxg4 26.h6 Bf8 27.Qg5 Kh7 28.Be3 Qg6 29.Qxg6+ Nxg6 30.Bg5 Bxh6
31.Bxf6  1-0

[Event "14th Neckar-Open"]
[Site "Deizisau GER"]
[Date "2010.04.05"]
[Round "9"]
[White "Naiditsch,A"]
[Black "Neuman,P"]
[Result "1/2-1/2"]
[WhiteElo "2691"]
[BlackElo "2439"]

1.e4 d6 2.d4 Nf6 3.Nc3 e5 4.Nf3 Nbd7 5.g4 Nxg4 6.Rg1 Ngf6 7.Bc4 h6 8.Be3 c6
9.Bb3 Qa5 10.Bd2 Qc7 11.a4 exd4 12.Nxd4 Nc5 13.Qf3 Nxb3 14.cxb3 Be6 15.O-O-O Qd7
16.Qe3 d5 17.exd5 Nxd5 18.Nxd5 Qxd5 19.Nxe6 Qxe6 20.Qd3 Rd8 21.Qc3 Rd5 22.Rde1 Rc5
23.Rxe6+ fxe6 24.Qxc5 Bxc5 25.Rxg7 Rf8 26.Rg6 Kd7 27.Rxh6 Rxf2 28.Rh7+ Kd6
29.h4 e5 30.h5 e4 31.h6 b5 32.Rh8 Rf1+ 33.Kc2 Rh1 34.h7 Kc7 35.Bf4+ Kd7 36.Be5 Be7
37.Kc3 Ke6 38.Kd4 e3 39.Rc8 e2 40.Rxc6+ Kd7 41.Rc7+ Kd8 42.h8=Q+ Rxh8 43.Rc1 Rh3
44.Re1 Rxb3  1/2-1/2

[Event "17th TCh-RUS Higher League"]
[Site "Dagomys RUS"]
[Date "2010.04.06"]
[Round "5"]
[White "Bukavshin,I"]
[Black "Ovetchkin,R"]
[Result "1/2-1/2"]
[WhiteElo "2427"]
[BlackElo "2530"]

1.e4 d6 2.d4 Nf6 3.Nc3 e5 4.Nf3 Nbd7 5.Bc4 Be7 6.O-O O-O 7.a4 c6 8.Re1 b6
9.d5 c5 10.a5 bxa5 11.Bf1 Ne8 12.Nd2 Bg5 13.Nc4 Bxc1 14.Qxc1 f5 15.Nxa5 Ndf6
16.Nc6 Qc7 17.exf5 Bxf5 18.f4 e4 19.g3 Rf7 20.Qd2 Bd7 21.Bg2 Bxc6 22.dxc6 Qxc6
23.Nxe4 d5 24.Nxf6+ Nxf6 25.c4 Rd8 26.cxd5 Qb6 27.Rad1 Rfd7 28.Re5 Rb8 29.Re2 Rd6
30.Bh3 Kf8 31.Be6 Qb3 32.Rde1 Rb4 33.Qc3 Qxc3 34.bxc3 Rb3 35.c4 Rb4 36.Ra1 a6
37.Rc2 Rdb6 38.Ra5 Ne4 39.Bc8 Rb2 40.Rxb2 Rxb2 41.Bxa6 g5 42.fxg5 Nxg5 43.Rxc5 Nf3+
44.Kf1 Rd2 45.Rc8+ Kg7 46.Rc7+ Kg6 47.Rc6+ Kg7 48.Rc7+ Kg6 49.Rc6+  1/2-1/2

[Event "11th TCh-RUS Women"]
[Site "Dagomys RUS"]
[Date "2010.04.07"]
[Round "7"]
[White "Bodnaruk,A"]
[Black "Fominykh,M"]
[Result "1/2-1/2"]
[WhiteElo "2384"]
[BlackElo "2268"]

1.e4 d6 2.d4 Nf6 3.Nc3 e5 4.Nf3 Nbd7 5.Bc4 Be7 6.O-O c6 7.a4 O-O 8.Re1 a5
9.h3 exd4 10.Nxd4 d5 11.exd5 Nb6 12.Bb3 Nbxd5 13.Nxd5 Nxd5 14.Bxd5 cxd5 15.c3 Ra6
16.Qh5 Bc5 17.Be3 Re8 18.Nc2 Bxe3 19.Nxe3 Rd6 20.Rad1 g6 21.Qe2 Re4 22.f3 Re5
23.Qd2 Qg5 24.Qd4 Qg3 25.Re2 Ree6 26.Rde1 Qg5 27.Kf2 Bd7 28.h4 Qe5 29.Rd2 Qxd4
30.Rxd4 Rb6 31.Re2 Rb3 32.Red2 Bc6 33.Nxd5 Bxd5 34.Rxd5 Reb6 35.Rxa5 Rxb2
36.Rxb2 Rxb2+ 37.Kg3 Rc2 38.Rc5 Kg7 39.Rc7 Rb2 40.Rc5 Rc2 41.Rb5 Rxc3 42.Rxb7 Ra3
43.Ra7 Ra2 44.a5 Ra4 45.a6 Kf6 46.Ra8 Ra2 47.Kh3 Ra3 48.Kh2 Ra2 49.Kg3 Ra4
50.a7 Ra2 51.Kf4 Ra4+ 52.Ke3 h5 53.Kd3 Kg7 54.g3 Kf6 55.Kc3 Ra3+ 56.Kd4 Ra1
57.g4 hxg4 58.fxg4 Kg7 59.g5 Rd1+ 60.Ke3 Re1+ 61.Kf2 Ra1 62.Ke3  1/2-1/2

[Event "Sydney Int Open"]
[Site "Parramatta AUS"]
[Date "2010.04.07"]
[Round "2"]
[White "Jones,G"]
[Black "Illingworth,M"]
[Result "1-0"]
[WhiteElo "2556"]
[BlackElo "2289"]

1.e4 d6 2.d4 Nf6 3.Nc3 e5 4.Nf3 Nbd7 5.g4 Nxg4 6.Rg1 Ngf6 7.Bc4 h6 8.dxe5 dxe5
9.Qe2 c6 10.Be3 b5 11.Bb3 Qa5 12.Nh4 Ba6 13.Qf3 b4 14.Ne2 c5 15.Bxf7+ Kxf7
16.Ng6 Rg8 17.Rd1 Bb5 18.c4 Bc6 19.Qf5 Qc7 20.Ng3 Bd6 21.Ke2 Rae8 22.f3 Nb6
23.Nh5 Nd7 24.Nh8+ Ke7 25.Nxg7 Rxh8 26.Ne6 Reg8 27.Nxc7 Bxc7 28.Rd5 Bxd5
29.cxd5 Rxg1 30.Bxg1 Kd8 31.Bxc5 Rg8 32.Kf1 Bb6 33.Bxb6+ axb6 34.Qe6 Kc7
35.Qe7 b3 36.a3 Rc8 37.Qb4 Nc5 38.Qb5 Kb7 39.a4 Ka7 40.a5 bxa5 41.Qxa5+ Kb7
42.Qd2 Nh5 43.Qb4+ Ka6 44.d6 Nf6 45.f4 Ncxe4 46.Qa4+ Kb7 47.Qxb3+ Kc6 48.Qc4+ Kd7
49.Qb5+ Ke6 50.Qxe5+ Kf7 51.Qe7+ Kg6 52.d7 Rc1+ 53.Ke2 Rc2+ 54.Ke3 Nd5+ 55.Kxe4 Nxe7
56.d8=Q Rxb2 57.Qe8+  1-0

[Event "IV Open"]
[Site "La Laguna ESP"]
[Date "2010.04.08"]
[Round "5"]
[White "Mekhitarian,K"]
[Black "Strikovic,A"]
[Result "1/2-1/2"]
[WhiteElo "2490"]
[BlackElo "2544"]

1.e4 d6 2.d4 Nf6 3.Nc3 e5 4.Nf3 Nbd7 5.Bc4 Be7 6.O-O O-O 7.Re1 c6 8.a4 b6
9.Ba2 a6 10.h3 Rb8 11.Be3 b5 12.axb5 axb5 13.b4 Qc7 14.Bb3 Nb6 15.Qd3 Bd7
16.dxe5 dxe5 17.Bc5 Bc8 18.Red1 Bxc5 19.bxc5 Nbd7 20.Qe3 Ne8 21.Na2 b4 22.Ne1 Ba6
23.Nxb4 Rxb4 24.Rxa6 Nef6 25.f3 Qb7 26.Rda1 Rb5 27.Nd3 h6 28.Kh2 Qc8 29.Bc4 Rb7
30.c3 Kh7 31.Nb4 Nb8 32.Ra8 Qc7 33.R1a2 g6 34.Rd2 Kg7 35.Rd6 Ne8 36.Rd1 Nf6
37.Qd2 Nfd7 38.Qd6 Qxd6 39.cxd6 Nb6 40.Ba6 Rd7 41.Rxb8 Rxb8 42.Nxc6 Ra8 43.Bb5 Nc8
44.Nxe5 Rxd6 45.Rxd6 Nxd6 46.c4 Nxb5 47.cxb5 Rb8 48.h4 Rxb5 49.Nd3 Rb3 50.Nf2 Rb2
51.Kg3 Re2 52.Nd3 Kf6 53.Nf4 Rd2 54.Nd5+ Ke5 55.Ne3 Kd4 56.Ng4 h5 57.Nh6 f6
58.Ng8 Ke5 59.Ne7 g5 60.Nf5 Rd7 61.Ne3 Rg7 62.Nc4+ Ke6 63.Ne3 Rg8 64.f4 g4
65.Nf5 Rh8 66.Kf2 Kf7 67.Ng3 Kg6 68.f5+ Kh6 69.Ne2 Ra8 70.Ke3 Ra1 71.Ng3 Ra2
72.Ne2 Kg7 73.Nf4 Kf7 74.Nxh5 Rxg2 75.Kf4 Ke7 76.Ng3 Kd6 77.Kxg4 Ke5 78.Kf3 Rh2
79.h5 Rh4 80.Ke3 Rf4 81.Ke2 Kd4 82.h6 Rh4 83.Kf3 Ke5 84.h7 Rxh7 85.Kg4 Rh6
86.Kf3 Rh4 87.Ke3 Rf4 88.Ke2 Kd4 89.Nh5 Rxe4+ 90.Kf3 Rh4 91.Nxf6 Ke5 92.Ng4+  1/2-1/2

[Event "Sydney Int Open"]
[Site "Parramatta AUS"]
[Date "2010.04.09"]
[Round "6"]
[White "Bojkov,D"]
[Black "Malaniuk,V"]
[Result "1-0"]
[WhiteElo "2505"]
[BlackElo "2582"]

1.e4 d6 2.d4 Nf6 3.Nc3 e5 4.Nf3 Nbd7 5.Bc4 Be7 6.O-O O-O 7.a4 a5 8.Re1 c6
9.h3 Nb6 10.Ba2 Nfd7 11.Be3 exd4 12.Bxd4 Nc5 13.Bxc5 dxc5 14.Qe2 Qd6 15.Kh1 Qh6
16.Rad1 Be6 17.Bxe6 Qxe6 18.Nd2 Bf6 19.e5 Be7 20.f4 f6 21.Nf3 fxe5 22.fxe5 Rf4
23.Ne4 Raf8 24.b3 c4 25.Ned2 c3 26.Nf1 Nd5 27.N1h2 Bc5 28.Qd3 h6 29.Ng4 Bb6
30.Re4 R4f7 31.Qc4 Re8 32.Nd4 Bxd4 33.Rdxd4 Qg6 34.Qe2 Rfe7 35.Rd3 Qg5 36.Rf3 Qd2  1-0

[Event "12th Open"]
[Site "Dubai UAE"]
[Date "2010.04.10"]
[Round "5"]
[White "Petrosian,TL"]
[Black "Solomon,K"]
[Result "1/2-1/2"]
[WhiteElo "2612"]
[BlackElo "2354"]

1.e4 d6 2.d4 Nf6 3.Nc3 e5 4.Nf3 Nbd7 5.Bc4 Be7 6.O-O O-O 7.Re1 a6 8.a4 b6
9.b3 Bb7 10.Bb2 c6 11.Bd3 Re8 12.Ne2 Bf8 13.Ng3 g6 14.Qd2 b5 15.c4 bxa4 16.Rxa4 exd4
17.Bxd4 c5 18.Bc3 Ne5 19.Bf1 Nfg4 20.Be2 Bh6 21.Qb2 Bf4 22.Nxe5 Nxe5 23.Raa1 Qh4
24.f3 Be3+ 25.Kh1 Bf2 26.Nf1 f5 27.exf5 gxf5 28.Red1 Rad8 29.Qc2 f4 30.Qf5 Bc8
31.Qc2 Bb7 32.b4 Rd7 33.bxc5 Bxc5 34.Bd4 Rg7 35.Bxc5 dxc5 36.Rd2 Qg5 37.Bd1 Nxf3
38.Bxf3 Bxf3 39.Rf2 Bb7 40.Qd2 Rf8 41.Ra3 f3 42.g3 Qxd2 43.Nxd2 Rg4 44.Kg1 Rd4
45.h4 Rfd8 46.Ra2 Re8 47.Nf1 Re1 48.Rfd2 Rxd2 49.Rxd2 Re2 50.Rd8+ Kf7 51.Rd7+ Re7
52.Rd2 Re2 53.Rd7+ Re7 54.Rd3 Re2 55.Nd2 Rg2+ 56.Kf1 Ke7 57.Nb3 Rxg3 58.Nxc5 Bc6
59.Nxa6 Rg4  1/2-1/2

[Event "12th Open"]
[Site "Dubai UAE"]
[Date "2010.04.10"]
[Round "5"]
[White "Satyapragyan,S"]
[Black "Gagunashvili,M"]
[Result "1/2-1/2"]
[WhiteElo "2466"]
[BlackElo "2582"]

1.e4 d6 2.d4 Nf6 3.Nc3 e5 4.Nf3 Nbd7 5.Bc4 Be7 6.O-O O-O 7.Re1 c6 8.a4 b6
9.Ba2 a6 10.Nh4 exd4 11.Qxd4 Nc5 12.h3 Be6 13.Nf3 Bxa2 14.Rxa2 Re8 15.Ra1 Qc7
16.b3 Nfd7 17.Qd2 Bf6 18.Bb2 Nxe4 19.Nxe4 Bxb2 20.Qxd6 Qxd6 21.Nxd6 Rxe1+
22.Rxe1 Ba3 23.Nc4 Bc5 24.Rd1 Nf6 25.Nfe5 b5 26.Na5 bxa4 27.bxa4 Ne4 28.Nd3 Nc3
29.Re1 Bf8 30.Nxc6 Nxa4 31.Ra1 Nc5 32.Kf1 Nxd3 33.cxd3 Bd6 34.d4 Kf8 35.Ke2 Ke8
36.Kd3 Kd7 37.d5 Bc7 38.Kc4 a5 39.Ra4 g6 40.f3 Kd6 41.Nd4 Bb6 42.Nc6 f5 43.Ra2  1/2-1/2

[Event "59th ch-BUL w"]
[Site "Dupnitsa BUL"]
[Date "2010.04.10"]
[Round "3"]
[White "Videnova,I"]
[Black "Bednikova,S"]
[Result "1-0"]
[WhiteElo "2258"]
[BlackElo "2113"]

1.e4 d6 2.d4 Nf6 3.Nc3 e5 4.dxe5 dxe5 5.Qxd8+ Kxd8 6.Bg5 Nd7 7.O-O-O c6 8.Nf3 Ke8
9.Bh4 Bb4 10.Bc4 Bxc3 11.bxc3 b5 12.Bb3 c5 13.Bxf6 gxf6 14.Bd5 Rb8 15.Nh4 Nf8
16.Nf5 Bxf5 17.exf5 Rg8 18.f4 Ke7 19.Rhe1 Nd7 20.g3 Rgd8 21.Bc6 Rb6 22.Bxd7 Rxd7
23.Rxd7+ Kxd7 24.fxe5 fxe5 25.Rxe5 Kd6 26.Re8 Kd5 27.Re7 Rf6 28.g4 Rh6 29.Rxf7 Rxh2
30.Rxa7 Rg2 31.Rg7 Ke5 32.Kb2 h5 33.Re7+ Kd5 34.gxh5 Rg5 35.h6 Rxf5 36.h7 Rh5
37.Kc1 Rh2 38.Kd1 Kc4 39.Rc7 Kd5 40.Ke1 Ke4 41.Re7+ Kd5 42.Kf1 Kc4 43.Kg1 Rh6
44.Rc7 Kxc3 45.Rxc5+ Kb4 46.Rc7 Ka3 47.Kg2 Kxa2 48.Rb7 Ka3 49.Kg3 Kb4 50.Kg4 Kc3
51.Kg5 Rh1 52.Kg6 b4 53.Kg7 Rg1+ 54.Kf7 Rf1+ 55.Kg8 Rg1+ 56.Rg7 Rxg7+ 57.Kxg7 Kxc2
58.h8=Q b3 59.Qh2+ Kc1 60.Qg1+ Kc2 61.Qf2+  1-0